| 000 | 00752nac a22001931u 4500 | ||
|---|---|---|---|
| 020 | _a9774246012 | ||
| 082 |
_a398.22 _bAl105 |
||
| 090 |
_c3073 _d3073 |
||
| 100 | _aAl-Kretli ,Sulaiman. | ||
| 245 |
_aLegends Of The House Cretan Woman/ _bTold By Sheikh Sulaiman Al-Kretli;Put Into English By R.G. John Gayer Anderson. |
||
| 260 |
_aCairo,New York:2001. _bThe American University In Cairo, _cc.2001. |
||
| 300 |
_a107p.: _bcol;ill; _c25cm. |
||
| 500 | _aDonations. | ||
| 500 | _aDonations - Dr. Mostafa Gouda. | ||
| 650 | _aArabian Legends. | ||
| 700 | _aAl-Kretli ,Sulaiman. | ||
| 942 |
_cBB _k398.22 Al105 |
||
| 999 |
_c3073 _d3073 |
||